000 01256nam a2200373 i 4500
001 000011489
003 DO-SdBPM
005 20250918132135.0
007 ta
008 091019s1986 dr 000 j spa d
040 _aDO-SdBPM
_bspa
_cBPMSU
_erda
041 _hspa
082 4 _aRD863.4408
_bC965s 1986
_222
245 0 3 _aEl cuento en Santo Domingo :
_bselección antológica /
_cSócrates Nolasco ; edición, Cándido Gerón.
264 4 _aSanto Domingo :
_bBiblioteca Nacional Pedro Henríquez Ureña (BNPHU),
_c©1986.
300 _a209 páginas ;
_c23 cm.
336 _atexto
_btxt
_2rdacontent
337 _asin mediación
_bn
_2rdamedia
338 _avolumen
_bnc
_2rdacarrier
490 0 _aColección Orfeo
590 _aInventariado, 2019/VM
650 7 _aCuentos dominicanos
_2LEMB
650 7 _aLiteratura dominicana.
_2LEMB
650 z _aShort stories, Dominican
650 z _aDominican literature
700 1 _aGerón, Candido,
_d1948-
_eeditor
_4ed.
700 1 _aNolasco, Sócrate
_eselección
710 2 _aBiblioteca Nacional Pedro Henríquez Ureña
710 z _aRepública Dominicana.
_bBiblioteca Nacional
710 z _aBNPHU
710 z _aB.N.P.H.U
910 _aVMateo V. Control de calidad BPMSU
942 _2ddc
_cLBS1
999 _c7169
_d7169